000 00537cab a22001695a 4500
001 L158527
008 150413e2015 xxk 000 0 eng d
035 _a(Sirsi) u158527
041 0 _aeng
100 1 _aGreen, Andy
245 0 0 _aUnlocking the 2025 vision
490 _aConstruction Journal
_vApril-May 2015, 6-8 (3)
520 _aApplying the New Rules of Measurement (NRM3) during key stages of a project can bring major reductions in whole life costs.
650 2 4 _aMeasurement
_96256
651 4 _aUnited Kingdom
_y
942 _n0
999 _c84620
_d84620